Prueba de las Islas Marshall - Estadísticas

Estadísticas generales
  • Esta prueba ha sido intentada 933 veces
    932 desde el último reinicio
  • La puntuación promedio es 7 de 14
Estadísticas de respuestas
Pista Respuesta % Correcto
Idiomas oficiales Inglés
98%
La subregión de Oceanía de la que forman parte las Islas Marshall {Micro}nesia
90%
País del que las Islas Marshall obtuvieron su independencia en 1986 Estados Unidos
84%
País que ocupó las Islas Marshall de 1914 a 1944 Japón
78%
Capital de las Islas Marshall Majuro
53%
Debido a ello, las Islas Marshall suelen ser consideradas como uno de los países más amenazados por este fenómeno Cambio climático
50%
El atolón de coral en el que los Estados Unidos probaron 23 bombas nucleares Atolón {Bikini}
49%
Las Islas Marshall tienen la segunda ______ media más baja de todos los países, después de las Maldivas Elevación
49%
Técnicamente, las Islas Marshall tienen la cuarta _____ mercante más grande del mundo, debido a su uso como una "bandera de conveniencia" común. Marina
49%
El artrópodo terrestre más grande del mundo {Cangrejo} de coco
34%
Idiomas oficiales Marshalés
33%
Nombre del mayor ensayo nuclear atmosférico realizado por los Estados Unidos Castle {Bravo}
15%
Tratado que vincula estrechamente a las Islas Marshall con ese país, permitiendo la libre circulación de personas entre los dos países Tratado de Libre {Asociación}
13%
Territorio no incorporado de los Estados Unidos reclamado por las Islas Marshall, lugar de una batalla de la Segunda Guerra Mundial Isla {Wake}
11%
No se encontraron pruebas coincidentes
Distribución de puntuación
Porcentaje de gente con cada puntuación
Porcentaje por número respondido
Historial de tus puntuaciones
No has intentado esta prueba desde el último reinicio